| 000 | 02849nam a22003617a 4500 | ||
|---|---|---|---|
| 001 | 103405 | ||
| 003 | KnowledgeUnlatched | ||
| 005 | 20210303104824.0 | ||
| 006 | m o d | ||
| 007 | cr u|||||||||| | ||
| 008 | 210129p20162017ncu o u00| u eng d | ||
| 035 | _a(OCoLC)1048751140 | ||
| 037 | _5BiblioBoard | ||
| 245 | 0 | 0 |
_aMetroimperial Intimacies _bFantasy, Racial-Sexual Governance, and the Philippines in U.S. Imperialism, 1899-1913 / _cVictor Román Mendoza. |
| 020 | _a9780822374862 | ||
| 029 | 1 | _ahttps://library.biblioboard.com/ext/api/media/e477bb81-0f1d-4311-a31c-8410ea424e72/assets/thumbnail.jpg | |
| 040 |
_aScCtBLL _cScCtBLL |
||
| 100 | 1 |
_aMendoza, Victor Román _eauthor. |
|
| 264 | 1 | _bDuke University Press, | |
| 300 | _a1 online resource (303 p.) | ||
| 506 | 0 |
_aAccess copy available to the general public. _fUnrestricted _2star |
|
| 520 | _aIn Metroimperial Intimacies Victor Román Mendoza combines historical, literary, and archival analysis with queer-of-color critique to show how U.S. imperial incursions into the Philippines enabled the growth of unprecedented social and sexual intimacies between native Philippine and U.S. subjects. The real and imagined intimacies- whether expressed through friendship, love, or eroticism- threatened U.S. gender and sexuality norms. To codify U.S. heteronormative behavior the colonial government prohibited anything loosely defined as perverse, which along with popular representations of Filipinos, regulated colonial subjects and depicted them as sexually available, diseased, and degenerate. Mendoza analyzes laws, military records, the writing of Philippine students in the United States, and popular representations of Philippine colonial subjects to show how their lives, bodies, and desires became the very battleground for the consolidation of repressive legal, economic, and political institutions and practices of the U.S. colonial state. By highlighting the importance of racial and gendered violence in maintaining control at home and abroad, Mendoza demonstrates that studies of U.S. sexuality must take into account the reach and impact of U.S. imperialism.This title was made Open Access by libraries from around the world through Knowledge Unlatched. | ||
| 588 | 0 | _aDescription based on print version record. | |
| 590 | _aKnowledge Unlatched Round 2 | ||
| 650 | 7 |
_aHistory _2bisacsh |
|
| 650 | 0 | _aHistory | |
| 655 | 0 | _aElectronic books. | |
| 758 |
_iIs found in: _aKnowledge Unlatched _1https://openresearchlibrary.org/module/2774bc74-146a-484f-a7ba-ab1d6a09bbfb |
||
| 856 | 4 | 0 |
_uhttps://openresearchlibrary.org/content/e477bb81-0f1d-4311-a31c-8410ea424e72 _zView this content on Open Research Library. _70 |
| 999 |
_c25246 _d25246 |
||